[Event "AUTO-MASTER-549"]
[Site "http://www.queenalice.com/game.php?id=515953"]
[Date "2009.1.2"]
[Round "2"]
[White "MAGALINGsaROMANSAngChicks"]
[Black "vitaminac"]
[Result "0-1"]
[WhiteElo "1872"]
[BlackElo "2153"]

1. e4 c5 2. Nf3 d6 3. d4 cxd4 4. Nxd4 Nf6 5. Nc3 a6 6. Be3 e6 7. Be2 Be7 8. Qd2
O-O 9. f4 Qc7 10. g4 b5 11. a3 Bb7 12. Bf3 Nc6 13. g5 Nd7 14. h4 Na5 15. f5 Nc4
16. Qc1 d5 17. fxe6 fxe6 18. Nxe6 Qg3+ 19. Bf2 Qxf3 20. Rf1 Bc5 21. Nxc5 Nxc5
22. Qd1 Qh3 23. b3 Qxc3+ 24. Ke2 Rae8 25. Bxc5 Rxe4+ 0-1

[Event "AUTO-MASTER-549"]
[Site "http://www.queenalice.com/game.php?id=515954"]
[Date "2009.1.2"]
[Round "2"]
[White "vitaminac"]
[Black "MAGALINGsaROMANSAngChicks"]
[Result "1-0"]
[WhiteElo "2170"]
[BlackElo "2114"]

1. d4 d5 2. Nf3 Nf6 3. e3 Nc6 4. c4 e6 5. Nc3 Be7 6. Bd3 a6 7. a4 Nb4 8. O-O
Nxd3 9. Qxd3 c6 10. Ne5 Nd7 11. f4 O-O 12. e4 f6 13. Nf3 Nb6 14. b3 Bd7 15. c5
Nc8 16. a5 e5 17. exd5 exd4 18. Qxd4 cxd5 19. Qxd5+ Kh8 20. Be3 Bc6 21. Qc4 Na7
22. b4 Qc7 23. Nd4 Rfe8 24. Rae1 Bf8 25. f5 h6 26. Bf4 Qd7 27. Ne6 Bb5 28. Nxb5
Nxb5 29. Rd1 Qc6 30. Rd3 g5 31. Nxf8 Rxf8 32. Bd6 Rfd8 33. Qf7 Nxd6 34. Qxf6+
Kh7 35. Qg6+ Kh8 36. Qxh6+ Kg8 37. Qxg5+ Kf7 38. Qg6+ Kf8 39. Rxd6 Rxd6 40.
Qxd6+ Qxd6 41. cxd6 1-0

[Event "AUTO-MASTER-549"]
[Site "http://www.queenalice.com/game.php?id=515957"]
[Date "2009.1.2"]
[Round "2"]
[White "philipp84lemke"]
[Black "vitaminac"]
[Result "0-1"]
[WhiteElo "2138"]
[BlackElo "2194"]

1. e4 c5 2. Nf3 e6 3. d4 cxd4 4. Nxd4 a6 5. Nc3 Nc6 6. Be3 Nge7 7. f4 Nxd4 8.
Qxd4 b5 9. Be2 Nc6 10. Qb6 Qxb6 11. Bxb6 Bb7 12. O-O-O Rc8 13. h4 b4 14. Nb1 b3
15. axb3 Nb4 16. Nc3 Bxe4 17. Rd2 Bxg2 18. Re1 Bb7 19. f5 g6 20. fxg6 hxg6 21.
Rd4 Be7 22. Red1 d5 0-1

[Event "AUTO-MASTER-549"]
[Site "http://www.queenalice.com/game.php?id=515958"]
[Date "2009.1.2"]
[Round "2"]
[White "vitaminac"]
[Black "philipp84lemke"]
[Result "1/2-1/2"]
[WhiteElo "2204"]
[BlackElo "2128"]

1. d4 d5 2. Nf3 Nf6 3. e3 c5 4. b3 Nc6 5. Bd3 Bg4 6. Bb2 cxd4 7. exd4 e6 8. O-O
Bd6 9. h3 Bh5 10. Nbd2 Rc8 11. c4 Bb8 12. Qe1 O-O 13. Ne5 Qc7 14. Rc1 Nb4 15.
Bb1 dxc4 16. Ndxc4 Nc6 17. f4 Qd8 18. Qf2 Ne7 19. Rce1 a6 20. Ba3 Re8 21. Bb2
Ba7 22. Kh2 1/2-1/2

[Event "AUTO-MASTER-549"]
[Site "http://www.queenalice.com/game.php?id=515959"]
[Date "2009.1.2"]
[Round "2"]
[White "Katarrov"]
[Black "vitaminac"]
[Result "0-1"]
[WhiteElo "1991"]
[BlackElo "2217"]

1. d4 d5 2. Nf3 Nf6 3. e3 Bg4 4. Be2 e6 5. O-O Nbd7 6. Nc3 Bd6 7. h3 Bh5 8. Nh2
Bxe2 9. Qxe2 c5 10. dxc5 Nxc5 11. Nf3 a6 12. a3 Rc8 13. Nd1 O-O 14. Bd2 Nce4 15.
c3 Bb8 16. Nd4 Qc7 17. f4 Ng3 18. Qf3 Nxf1 19. Kxf1 Ne4 20. Be1 e5 21. Ne2 Qc4
22. Kg1 f5 23. g3 Rc6 24. Kg2 Rg6 0-1

[Event "AUTO-MASTER-549"]
[Site "http://www.queenalice.com/game.php?id=515960"]
[Date "2009.1.2"]
[Round "2"]
[White "vitaminac"]
[Black "Katarrov"]
[Result "1-0"]
[WhiteElo "2211"]
[BlackElo "1998"]

1. d4 d5 2. Nf3 Nf6 3. e3 e6 4. Bd3 Be7 5. O-O O-O 6. b3 c5 7. Bb2 Nc6 8. Ne5 a6
9. Nd2 cxd4 10. exd4 Qc7 11. a3 Nxe5 12. dxe5 Nd7 13. f4 f5 14. b4 b5 15. Bd4
Bb7 16. Nb3 Rac8 17. Qh5 g6 18. Qe2 Rf7 19. Rf3 Bf8 20. Raf1 Bg7 21. Qe3 Qd8 22.
Rh3 Nf8 23. Nc5 Qe7 24. Qg3 1-0

[Event "AUTO-MASTER-595"]
[Site "http://www.queenalice.com/game.php?id=522474"]
[Date "2009.1.14"]
[Round "2"]
[White "pajabraba69"]
[Black "vitaminac"]
[Result "0-1"]
[WhiteElo "2017"]
[BlackElo "2216"]

1. e4 c5 2. Nf3 e6 3. d4 cxd4 4. Nxd4 a6 5. Bd3 Qc7 6. Qe2 d6 7. O-O Nc6 8. c3
Nf6 9. Bg5 Be7 10. Nd2 O-O 11. f4 e5 12. Bxf6 Bxf6 13. Nxc6 bxc6 14. f5 Qb6+ 15.
Kh1 Qxb2 16. Nc4 Qxe2 17. Bxe2 d5 18. Nd6 Bd7 19. exd5 cxd5 20. Rad1 Bc6 21. c4
dxc4 22. Bxc4 Be7 23. Nxf7 Rxf7 24. Bxf7+ Kxf7 25. Rc1 Bb5 26. Rfd1 Rd8 27. Rxd8
Bxd8 28. Rc5 Kf6 29. g4 e4 30. Kg2 e3 31. Rc1 e2 0-1

[Event "AUTO-MASTER-595"]
[Site "http://www.queenalice.com/game.php?id=522475"]
[Date "2009.1.14"]
[Round "2"]
[White "vitaminac"]
[Black "pajabraba69"]
[Result "1-0"]
[WhiteElo "2206"]
[BlackElo "2026"]

1. d4 Nf6 2. Nf3 g6 3. Nbd2 Bg7 4. e4 d6 5. Bd3 O-O 6. O-O Bg4 7. h3 Bxf3 8.
Nxf3 d5 9. e5 Ne4 10. Re1 f6 11. Bxe4 dxe4 12. Rxe4 fxe5 13. Nxe5 Bxe5 14. Rxe5
Nc6 15. Re4 Qd5 16. f3 e5 17. c3 Rfe8 18. Be3 exd4 19. Rxe8+ Rxe8 20. Bxd4 Nxd4
21. cxd4 Rd8 22. Rc1 c6 23. Kh1 Qxd4 24. Qb3+ Kf8 25. Qxb7 Qa4 26. b3 Qxa2 27.
Qxh7 Qd2 28. Ra1 Qc3 29. Qh6+ Kg8 30. Qxg6+ Kf8 31. Qf5+ Ke8 32. Rxa7 1-0

[Event "AUTO-MASTER-595"]
[Site "http://www.queenalice.com/game.php?id=522480"]
[Date "2009.1.14"]
[Round "2"]
[White "vitaminac"]
[Black "plexus"]
[Result "1/2-1/2"]
[WhiteElo "2181"]
[BlackElo "2375"]

1. d4 Nf6 2. Nf3 g6 3. Nbd2 Bg7 4. e4 O-O 5. Bd3 d6 6. O-O c5 7. c3 cxd4 8. cxd4
Nc6 9. a3 e5 10. d5 Ne7 11. Re1 Ne8 12. h3 f5 13. b3 Nf6 14. Rb1 Bd7 15. a4 Rc8
16. Ba3 fxe4 17. Nxe4 Nxe4 18. Bxe4 Nf5 19. Qd2 Bh6 20. Qb4 b6 21. Bc1 a5 22.
Qa3 Bxc1 23. Rbxc1 Qf6 24. Qb2 1/2-1/2

[Event "AUTO-MASTER-595"]
[Site "http://www.queenalice.com/game.php?id=522481"]
[Date "2009.1.14"]
[Round "2"]
[White "plexus"]
[Black "vitaminac"]
[Result "1/2-1/2"]
[WhiteElo "2369"]
[BlackElo "2187"]

1. e4 c5 2. Nf3 d6 3. d4 cxd4 4. Nxd4 Nf6 5. Nc3 a6 6. Bg5 e6 7. f4 Be7 8. Qf3
Qc7 9. O-O-O Nbd7 10. g4 b5 11. Bxf6 Nxf6 12. g5 Nd7 13. Bh3 b4 14. Nce2 Nc5 15.
Ng3 g6 16. Bg2 Bb7 17. Kb1 e5 18. Nde2 exf4 19. Nxf4 Bxg5 20. Nd5 Bxd5 21. Rxd5
Be7 22. h4 Rc8 23. Nf1 O-O 24. Ne3 Rfe8 25. h5 Bf8 1/2-1/2

[Event "AUTO-ADV-944"]
[Site "http://www.queenalice.com/game.php?id=530122"]
[Date "2009.1.27"]
[Round "2"]
[White "fire4"]
[Black "vitaminac"]
[Result "0-1"]
[WhiteElo "1815"]
[BlackElo "2180"]

1. d4 d5 2. e3 Nf6 3. c4 c6 4. Nc3 e6 5. g3 Nbd7 6. Bg2 dxc4 7. Qe2 Bd6 8. Qxc4
e5 9. Nf3 O-O 10. b3 exd4 11. Nxd4 Ne5 12. Qe2 Qa5 13. Bd2 Bb4 14. Ne4 Nxe4 15.
Bxe4 Rd8 16. Rd1 c5 17. Nf5 Bxf5 18. Bxf5 Rxd2 19. Bxh7+ Kxh7 20. Qh5+ Kg8 21.
Rxd2 Bxd2+ 22. Kf1 Qa6+ 23. Kg2 Qc6+ 24. f3 Re8 25. e4 c4 0-1

[Event "AUTO-ADV-944"]
[Site "http://www.queenalice.com/game.php?id=530123"]
[Date "2009.1.27"]
[Round "2"]
[White "vitaminac"]
[Black "fire4"]
[Result "1-0"]
[WhiteElo "2161"]
[BlackElo "1757"]

1. d4 b6 2. Nf3 Bb7 3. e3 g6 4. Bd3 Bg7 5. O-O d6 6. c4 Nf6 7. Nc3 e6 8. e4 c5
9. dxc5 dxc5 10. Bg5 Qc7 11. Nb5 Qc8 12. Nd6+ 1-0

[Event "Challenge"]
[Site "http://www.queenalice.com/game.php?id=541897"]
[Date "2009.2.17"]
[Round "-"]
[White "Henri_AnArquiA_"]
[Black "vitaminac"]
[Result "0-1"]
[WhiteElo "1650"]
[BlackElo "2192"]

1. e4 c5 2. c3 d5 3. e5 Nc6 4. d4 cxd4 5. cxd4 Qb6 6. Nf3 Bg4 7. Be2 Bxf3 8.
Bxf3 Qxd4 9. Bxd5 Qxd1+ 10. Kxd1 O-O-O 11. Nc3 e6 12. Bd2 exd5 13. Bf4 Nge7 14.
Re1 Ng6 15. Bg3 Bb4 16. a3 Bxc3 17. bxc3 Rhe8 18. f4 h5 19. a4 h4 20. Bf2 Nxf4
21. g3 Nd3 22. Re2 Nxf2+ 23. Rxf2 hxg3 24. hxg3 Nxe5 25. Raa2 d4 26. c4 f6 27.
Rh2 Rh8 28. Rxh8 Rxh8 29. c5 Rh1+ 30. Kc2 Rh2+ 31. Kb3 Rxa2 32. Kxa2 d3 33. Kb2
d2 34. Kc2 Nf3 35. Kd1 f5 36. Ke2 g5 37. Kxf3 d1=Q+ 38. Kf2 Kc7 39. Kg2 Kc6 40.
Kf2 Kd5 41. Kg2 Ke4 42. g4 f4 43. Kf2 f3 44. Kg3 Qg1+ 45. Kh3 Qg2# 0-1

[Event "Let's Play Chess!"]
[Site "http://www.queenalice.com/game.php?id=544918"]
[Date "2009.2.23"]
[Round "-"]
[White "Granger2009"]
[Black "vitaminac"]
[Result "0-1"]
[WhiteElo "1942"]
[BlackElo "2202"]

1. d4 d5 2. Bg5 h6 3. Bh4 Nf6 4. f3 c5 5. c3 Nc6 6. Bf2 cxd4 7. cxd4 e5 8. dxe5
Bb4+ 9. Nd2 Nxe5 10. Qa4+ Nc6 11. O-O-O O-O 12. e4 Qc7 13. Kb1 a6 14. exd5 Nxd5
15. Bc4 b5 16. Bxb5 Bf5+ 17. Ka1 axb5 18. Qxb5 Rxa2+ 19. Kxa2 Ra8+ 20. Kb3 Nd4+
21. Bxd4 Bc2# 0-1

[Event "Let's Play Chess!"]
[Site "http://www.queenalice.com/game.php?id=545301"]
[Date "2009.2.23"]
[Round "-"]
[White "vitaminac"]
[Black "igorjava"]
[Result "1-0"]
[WhiteElo "2213"]
[BlackElo "1919"]

1. d4 d5 2. Nf3 e6 3. e3 c5 4. b3 Nc6 5. Bd3 Nf6 6. O-O a6 7. Bb2 Be7 8. Nbd2 b5
9. c4 Nb4 10. Be2 bxc4 11. bxc4 O-O 12. Ne5 Qc7 13. a3 Nc6 14. Qc2 Bb7 15. Rac1
Rac8 16. f4 cxd4 17. exd4 dxc4 18. Ndxc4 Nxe5 19. fxe5 Nd5 20. Bd3 Qd7 21. Bxh7+
Kh8 22. Bd3 Ne3 23. Qe2 Nxf1 24. Qh5+ 1-0

[Event "w scacchi"]
[Site "http://www.queenalice.com/game.php?id=545316"]
[Date "2009.2.23"]
[Round "-"]
[White "vitaminac"]
[Black "ulisses34"]
[Result "1-0"]
[WhiteElo "2193"]
[BlackElo "1731"]

1. d4 d5 2. Nf3 Nc6 3. e3 a6 4. Nbd2 Nf6 5. c4 Be6 6. b3 h6 7. Bb2 g5 8. Be2 Qd6
9. a3 O-O-O 10. b4 Bg4 11. cxd5 Qxd5 12. O-O Qf5 13. Rc1 Qg6 14. Bxa6 Bxf3 15.
Qxf3 Rd6 16. Rxc6 Rxc6 17. Qxc6 Bg7 18. Qxb7+ Kd7 19. Bb5+ Ke6 20. Qc6+ Kf5 21.
Bd3+ 1-0

[Event "Let's Play Chess!"]
[Site "http://www.queenalice.com/game.php?id=545334"]
[Date "2009.2.23"]
[Round "-"]
[White "vitaminac"]
[Black "atalan"]
[Result "1/2-1/2"]
[WhiteElo "2206"]
[BlackElo "2193"]

1. d4 f5 2. Nf3 Nf6 3. c4 e6 4. Nc3 Bb4 5. a3 Bxc3+ 6. bxc3 O-O 7. Bg5 d6 8. g3
Qe8 9. Bg2 Nc6 10. O-O Ne4 11. Qd3 Qh5 12. Bc1 e5 13. Nh4 g5 14. Nxf5 Bxf5 15.
Bxe4 Bxe4 16. Qxe4 Rae8 17. d5 Na5 18. Rb1 b6 19. Rb2 Re7 20. Be3 1/2-1/2

[Event "AUTO-MASTER-595"]
[Site "http://www.queenalice.com/game.php?id=572551"]
[Date "2009.4.15"]
[Round "3"]
[White "plexus"]
[Black "vitaminac"]
[Result "1-0"]
[WhiteElo "2446"]
[BlackElo "2216"]

1. e4 c5 2. Nf3 e6 3. d4 cxd4 4. Nxd4 a6 5. c4 Nf6 6. Nc3 Qc7 7. a3 Nc6 8. Be3
Be7 9. Rc1 O-O 10. Be2 d6 11. O-O Nxd4 12. Qxd4 Bd7 13. f4 e5 14. Qd3 Rac8 15.
fxe5 dxe5 16. b4 Rfd8 17. Nd5 Nxd5 18. exd5 f5 19. c5 Bf6 20. d6 Qb8 21. Rxf5
Bxf5 22. Qxf5 Rf8 23. Bf3 1-0

[Event "AUTO-MASTER-595"]
[Site "http://www.queenalice.com/game.php?id=572552"]
[Date "2009.4.15"]
[Round "3"]
[White "vitaminac"]
[Black "plexus"]
[Result "0-1"]
[WhiteElo "2222"]
[BlackElo "2424"]

1. d4 Nf6 2. Nf3 d5 3. e3 c5 4. Bd3 Nc6 5. Nbd2 g6 6. h3 Bg7 7. b3 O-O 8. Bb2
cxd4 9. exd4 Nh5 10. O-O Nf4 11. Be2 Bf5 12. c3 Qc8 13. Re1 Bxh3 14. gxh3 Nxh3+
15. Kf1 Qg4 16. Bb5 Bh6 17. Bxc6 bxc6 18. Re2 f6 19. Ba3 e5 20. Bxf8 Rxf8 21.
Ke1 Qg2 22. Nh4 Qh1+ 23. Nf1 Ng1 24. Nxg6 Nf3# 0-1

[Event "AUTO-MASTER-595"]
[Site "http://www.queenalice.com/game.php?id=572555"]
[Date "2009.4.15"]
[Round "3"]
[White "vitaminac"]
[Black "GMcruz"]
[Result "1/2-1/2"]
[WhiteElo "2222"]
[BlackElo "2091"]

1. d4 d5 2. Nf3 Nf6 3. e3 c5 4. Bd3 Nc6 5. Nbd2 Bg4 6. h3 Bh5 7. c3 e6 8. Qa4
Bd6 9. Bb5 Qc7 10. Ne5 Bxe5 11. dxe5 Nd7 12. Qh4 Bg6 13. f4 O-O 14. O-O a6 15.
Be2 b5 16. Nf3 f6 17. exf6 Rxf6 18. Bd2 e5 19. Rae1 Re8 20. Ng5 h6 21. Nf3 exf4
22. exf4 Kh7 23. g4 Be4 24. Ng5+ 1/2-1/2

[Event "AUTO-MASTER-595"]
[Site "http://www.queenalice.com/game.php?id=572556"]
[Date "2009.4.15"]
[Round "3"]
[White "GMcruz"]
[Black "vitaminac"]
[Result "1-0"]
[WhiteElo "2094"]
[BlackElo "2218"]

1. d4 d5 2. c4 c6 3. Nf3 Nf6 4. Nc3 e6 5. Bg5 Nbd7 6. e3 Qa5 7. Bxf6 Nxf6 8. Nd2
Bb4 9. Qc2 O-O 10. Bd3 c5 11. O-O cxd4 12. exd4 Bd7 13. Rae1 Rac8 14. Re3 Rfe8
15. Rfe1 Bxc3 16. bxc3 g6 17. Rf3 Qd8 18. Qc1 1-0